Statistics for National Soccer Kits by Picture

Click here to take the quiz!

General Stats

  • This quiz has been taken 2,306 times
  • The average score is 16 of 20

Answer Stats

Answer% Correct
Germany
99%
Brazil
97%
England
96%
Turkey
96%
Croatia
94%
Sweden
93%
Argentina
90%
Poland
88%
Russia
88%
Belgium
87%
Norway
80%
Scotland
80%
Australia
75%
Cameroon
75%
Ireland
75%
Austria
64%
Switzerland
58%
Egypt
45%
San Marino
44%
Senegal
44%

Score Distribution

Percentile by Number Answered

Percent of People with Each Score

Your Score History

You have not taken this quiz